FIFA 19 Top 100 Players - Statistics

General Stats
  • This quiz has been taken 132 times
    129 since last reset
  • The average score is 60 of 100
Answer Stats
Rating Team Answer % Correct
94 Juventus Cristiano Ronaldo
99%
94 Barcelona Lionel Messi
99%
91 Real Madrid Luca Modrič
98%
92 Paris Saint-Germain Neymar
98%
91 Manchester United David De Gea
93%
91 Chelsea Eden Hazard
93%
91 Manchester City Kevin De Bruyne
93%
90 Bayern Munich Manuel Neuer
93%
89 Tottenham Hotspur Harry Kane
90%
91 Barcelona Luis Suarez
90%
91 Real Madrid Sergio Ramos
90%
90 Real Madrid Toni Kroos
90%
90 Real Madrid Thibaut Courtois
88%
90 Bayern Munich Robert Lewandowski
87%
88 Liverpool Mohamed Salah
85%
89 Atlético De Madrid Antoine Griezmann
84%
90 Atlético De Madrid Jan Oblak
82%
89 Paris Saint-Germain Edinson Cavani
80%
89 Manchester City David Silva
79%
90 Atlético De Madrid Diego Godín
79%
87 Paris Saint-Germain Kylian Mbappé
79%
89 Juventus Paulo Dybala
78%
89 Barcelona Marc-André Ter Stegen
77%
89 Chelsea N'Golo Kanté
77%
88 Paris Saint-Germain Thiago Silva
77%
88 Tottenham Hotspur Hugo Lloris
76%
88 Real Madrid Marcelo
76%
88 Manchester United Paul Pogba
76%
87 Barcelona Gerard Piqué
74%
86 Liverpool Sadio Mané
74%
89 Manchester City Sergio Agüero
74%
88 Real Madrid Gareth Bale
71%
89 Bayern Munich Mats Hummels
71%
89 Juventus Giorgio Chiellini
68%
86 Real Madrid Raphaël Varane
68%
87 Manchester United Romelu Lukaku
67%
87 Barcelona Jordi Alba
66%
88 Barcelona Philippe Coutinho
65%
88 Barcelona Sergio Busquets
65%
87 Napoli Dries Mertens
63%
89 Real Madrid Isco
63%
87 Arsenal Pierre-Emerick Aubameyang
63%
88 Paris Saint-Germain Gianluigi Buffon
62%
87 Barcelona Ivan Rakitić
62%
85 Los Angeles Galaxy Zlatan Ibrahimović
62%
88 Real Madrid Casemiro
61%
87 S.S. Lazio Ciro Immobile
61%
88 Tottenham Hotspur Christian Eriksen
60%
88 A.C. Milan Gonzalo Higuaín
60%
86 Juventus Leondardo Bonucci
60%
88 Napoli Lorenzo Insigne
60%
86 Bayern Munich Thomas Müller
60%
85 Liverpool Virgil van Dijk
60%
87 Vissel Kobe Andrés Iniesta
59%
85 Bayern Munich Arjen Robben
59%
86 Bayern Munich Jérôme Boateng
59%
85 Borussia Dortmund Marco Reus
59%
87 Barcelona Samuel Umtiti
59%
85 Bayern Munich Joshua Kimmich
57%
87 Real Madrid Keylor Navas
57%
86 Arsenal Mesut Özil
57%
86 Liverpool Roberto Firmino
57%
85 Manchester City Raheem Sterling
56%
87 Manchester United Alexis Sánchez
54%
86 Manchester City Ederson
54%
87 Inter Milan Mauro Icardi
54%
85 Bayern Munich David Alaba
52%
86 Manchester City Leroy Sané
52%
86 Bayern Munich Thiago
52%
86 Paris Saint-Germain Marco Verratti
51%
88 Inter Milan Samir Handanovič
51%
87 Napoli Kalidou Koulibaly
49%
87 Tottenham Hotspur Jan Vertonghen
48%
85 Atlético De Madrid Diego Costa
46%
86 Manchester City Fernandinho
46%
86 Juventus Douglas Costa
45%
88 Bayern Munich James Rodríguez
45%
85 Atlético De Madrid Koke
41%
85 AS Roma Edin Džeko
40%
85 Real Madrid Marco Asensio
39%
85 Manchester City Vincent Kompany
39%
85 Liverpool Alisson Becker
38%
86 Juventus Miralem Pjanić
37%
86 Manchester City Nicolás Otamendi
37%
85 Liverpool Fabinho
35%
85 S.S. Lazio Sergej Milinković-Savić
35%
87 Napoli Marek Hamšík
34%
86 Juventus Alex Sandro
33%
86 Valencia Daniel Parejo
33%
85 Barcelona Arturo Vidal
30%
86 Inter Milan Ivan Perišić
30%
85 Juventus Blaise Matuidi
29%
85 AS Roma Kostas Manolas
29%
86 Manchester United Nemanja Matić
29%
85 Manchester City Riyad Mahrez
29%
86 Chelsea Cesar Azpilicueta
26%
85 Inter Milan Radja Nainggolan
26%
85 Atlético De Madrid Felipe Luís
24%
86 Schalke 04 Naldo
24%
86 Juventus Medhi Benatia
16%
No matching quizzes found
Score Distribution
Percent of People with Each Score
Percentile by Number Answered
Your Score History
You have not taken this quiz since the last reset